000 00705nam a2200253Ia 4500
003 OSt
005 20221006143918.0
006 a|||||r|||| 00| 0
007 ta
008 221006b |||||||| |||| 00| 0 eng d
020 _a089000852x
_c
_6.50
024 _a10,379
037 _cTextual
040 _aEASL
_cEASL
_beng
041 _2eng
_aeng
082 _aW0bY:7:7.41.N7, L6
100 _aSEYMOUR James D
_9325764
245 0 _aChina
_b The politics of revolutionary reintegration
260 _aNew York
_bThomas Y. Crowell Company
_c1976
300 _a329p.
_ccm.
490 _v CEL
942 _hW0bY:7:7.41.N7, L6
_cTEXL
_2CC
999 _c1078465
_d1078465